00333nam a2200121Ia 4500008004100000041000800041082001300049100002100062245004500083260004900128300002500177365000900202240624s9999 xx 000 0 und d aeng a381 SHE  aLOUISE I SHELLEY aDARK COMMERCE HOW A NEW ILLICIT ECONOMY  c2018aNew JerseybPrinceton University Press axiii, 357 p. ; 25 cm cb33